| 000 | 00348 a2200133 4500 | ||
|---|---|---|---|
| 001 | 92303 | ||
| 082 | _aPR 2540 | ||
| 090 |
_c44258 _d44259 |
||
| 100 | _aRashid Mehmood; Prof. Ali Javed Hashmi (Advisor) | ||
| 245 |
_aAvionic System Design of NGFA _h78 "B" EC |
||
| 260 |
_aIslamabad _bNUST _c2015 |
||
| 300 | _a107p. | ||
| 500 | _aBE Project Reports | ||
| 942 |
_aCAE NUST _kPR 2540 |
||
| 999 |
_c327376 _d327376 |
||